Sports Quiz

Random Sports or MLB Quiz

Detroit Tigers Roster 2012 Quiz Stats

Quiz not verified by Sporcle

Challenge
Share
Tweet
Embed
Score 0/25 Timer 08:00
0 Plays Today
Detroit Tigers % Correct
3BMiguel Cabrera
100%
1BPrince Fielder
98.4%
SPJustin Verlander
97.2%
CFAustin Jackson
94.4%
CAlex Avila
94%
CLJose Valverde
89.3%
3BBrandon Inge
85.3%
SSJhonny Peralta
84.5%
SPMax Scherzer
82.9%
SPDoug Fister
81%
SPRick Porcello
80.2%
DHDelmon Young
79.8%
RFBrennan Boesch
78.2%
Detroit Tigers % Correct
2BRamon Santiago
75.4%
2B/OFRyan Raburn
72.2%
RPPhil Coke
68.3%
CGerland Laird
67.5%
3B/OFDon Kelly
67.1%
RPJoakim Benoit
63.9%
LFAndy Dirks
59.1%
RPOctavio Dotel
50.4%
SPJacob Turner
45.6%
RPDaniel Schlereth
43.3%
RPCole Balester
21%
RPDavid Pauley
14.7%

You're not logged in!

Compare scores with friends on all Sporcle quizzes.
Sign Up with Email
OR
Log In

You Might Also Like...

Show Comments

Extras

Top Quizzes Today


Score Distribution

Your Account Isn't Verified!

In order to create a playlist on Sporcle, you need to verify the email address you used during registration. Go to your Sporcle Settings to finish the process.

Report this User

Report this user for behavior that violates our Community Guidelines.

Details: